000
00305nam a22001457a 4500
003
SGT
020
_a
978-81-8448-711-4
082
_a
615.8
_b
R10S
100
_a
SUNDER, S.
245
_a
TB. OF REHABILITATION
250
_a
3RD
260
_a
INDIA
_b
JAYPEE
_c
2010
300
_a
540
942
_2
ddc
_c
BK
_0
155
999
_c
16972
_d
16972